| 000 | 01122nam a2200265Ia 4500 | ||
|---|---|---|---|
| 008 | 130821s1982 ne gr fre | ||
| 020 | _a9024728479 | ||
| 040 |
_aCo-BoUCM _bspa |
||
| 041 | 0 | 0 | _afre |
| 100 | 1 | _aVon Overbeck, Alfred E. | |
| 245 | 1 | 4 |
_aLes questions générales du droit international privé á la lumiére des codifications et projects récents _cAlfred E. Von Overbeck |
| 260 |
_aLa Haya (Holanda) _bMartinus Nijhoff Publishers _c1982 |
||
| 300 | _a391 páginas | ||
| 490 | 0 |
_aRecueil des Cours. _v176 _aCollected Courses of the Hague Academy of International law |
|
| 504 | _aIncluye bibliografía. | ||
| 650 | 0 | 4 |
_aDerecho internacional privado _97497 |
| 650 | 0 | 4 |
_aDerecho internacional público _97498 |
| 650 | 0 | 4 |
_aDerecho internacional _912776 |
| 650 | 0 | 4 |
_aPropiedad privada _xAspectos jurídicos _922587 |
| 700 | 1 | 2 | _aHiggins, R. |
| 710 | 1 | _aAcadémie de Droit International Law. | |
| 740 | 4 | 2 |
_aThe taking of property by the state _brecent developments in international law / R. Higgins. |
| 942 |
_a8 _e1 _kR _mR311 _cLIBROREF _2DEWEY _h341.02 |
||
| 999 |
_c45620 _d45620 |
||